| 000 | 00554nam a22001817a 4500 | ||
|---|---|---|---|
| 005 | 20251108164405.0 | ||
| 008 | 250721s1996 xx 000 0 ara d | ||
| 082 | 1 | 4 | _a922.1/محم |
| 100 | 1 | _aالغالي، بلقاسم | |
| 245 | 1 | 0 |
_aمن أعلام الزيتونة : _bشيخ الجامع الأعظم محمد الطاهر إبن عاشور / |
| 264 | 1 |
_aبيروت : _bدار ابن حزم، _c1996. |
|
| 300 | _a264ص | ||
| 650 | 1 | 7 | _aالتراجم |
| 650 | 1 | 7 | _aالإسلام |
| 650 | 1 | 7 | _aتونس |
| 942 |
_2ddc _cBK |
||
| 999 |
_c10995 _d10995 |
||